Strolling the streets of Beijing/ (Record no. 7239)

MARC details
000 -LEADER
fixed length control field 00574nam a22001937a 4500
003 - CONTROL NUMBER IDENTIFIER
control field OSt
005 - DATE AND TIME OF LATEST TRANSACTION
control field 20260110011917.0
008 - FIXED-LENGTH DATA ELEMENTS--GENERAL INFORMATION
fixed length control field 260110b |||||||| |||| 00| 0 eng d
020 ## - INTERNATIONAL STANDARD BOOK NUMBER
International Standard Book Number 978-7802-800630
040 ## - CATALOGING SOURCE
Original cataloging agency DWC-Main lib
Transcribing agency OC
082 ## - DEWEY DECIMAL CLASSIFICATION NUMBER
Classification number Circ. 910.202 L963s 2008
100 ## - MAIN ENTRY--PERSONAL NAME
Personal name Li, Lingyun
245 ## - TITLE STATEMENT
Title Strolling the streets of Beijing/
Statement of responsibility, etc. Li, Lingyun
260 ## - PUBLICATION, DISTRIBUTION, ETC.
Place of publication, distribution, etc. China
Name of publisher, distributor, etc. pictorial publishing house ,
Date of publication, distribution, etc. c2008.
300 ## - PHYSICAL DESCRIPTION
Extent 110 pages :
Other physical details illustrations ;
Dimensions 22cm.
650 ## - SUBJECT ADDED ENTRY--TOPICAL TERM
Topical term or geographic name entry element 1. China-- Beijing
650 ## - SUBJECT ADDED ENTRY--TOPICAL TERM
Topical term or geographic name entry element 2. Travel
942 ## - ADDED ENTRY ELEMENTS (KOHA)
Source of classification or shelving scheme Dewey Decimal Classification
Koha item type Book Circulation
Call number prefix Circ.
Suppress in OPAC No
952 ## - LOCATION AND ITEM INFORMATION (KOHA)
--
Holdings
Withdrawn status Lost status Source of classification or shelving scheme Damaged status Not for loan Home library Current library Shelving location Date acquired Source of acquisition Total Checkouts Full call number Barcode Date last seen Copy number Price effective from Koha item type Uniform Resource Identifier
    Dewey Decimal Classification     College Library College Library Circulation 03/23/2021 Donation   Circ. 910.202 L963s 2008 CL52738 01/10/2026 c1 01/10/2026 BK-CIRC